| 000 | 00477nam a2200121Ia 4500 | ||
|---|---|---|---|
| 008 | 171212s9999 xx 000 0 und d | ||
| 100 | _aHarvey, Nick;Caton, Brian | ||
| 245 |
_cHarvey, Nick;Caton, Brian _aCoastal Management in Australia |
||
| 260 |
_bUniversity of Adelaide Press _c2010 |
||
| 650 | _aCoastal zone management Australia -- Shore Protection Australia -- Coastal engineering Australia | ||
| 650 | _aGeology | ||
| 856 | _uhttp://jstor.org/stable/10.20851/j.ctt1sq5x5j | ||
| 999 |
_c352910 _d352910 |
||